A standard to be raised (Record no. 71600)
[ view plain ]
| 000 -LEADER | |
|---|---|
| fixed length control field | 00972cam a2200181 4500 |
| 001 - CONTROL NUMBER | |
| control field | ABS66115 |
| 008 - FIXED-LENGTH DATA ELEMENTS--GENERAL INFORMATION | |
| fixed length control field | 021120n2002 000 0 eng u |
| 035 ## - SYSTEM CONTROL NUMBER | |
| System control number | (Sirsi) u120517 |
| 100 ## - MAIN ENTRY--PERSONAL NAME | |
| Personal name | Cavanagh, E. |
| 245 #2 - TITLE STATEMENT | |
| Title | A standard to be raised |
| 260 ## - PUBLICATION, DISTRIBUTION, ETC. | |
| Date of publication, distribution, etc. | 2002 |
| 490 ## - SERIES STATEMENT | |
| Series statement | Estates Gazette |
| Volume/sequential designation | (0245) 9 November 2002, 117-118(2) |
| 520 ## - SUMMARY, ETC. | |
| Summary, etc. | Details the reactions to the Common Auction Conditions which were published last year. Explains how some auctioneers have already adopted the new conditions while others are more wary. RICS has worked with Paul Clark, senior property partner at law firm DJ Freeman on drafting a clear new look set of conditions. The final draft of these should be out by 2003 and some firms such as FPD Savills are waiting until then before deciding whether to adopt the conditions. |
| 590 ## - LOCAL NOTE (RLIN) | |
| Local note | ABS |
| 650 ## - SUBJECT ADDED ENTRY--TOPICAL TERM | |
| Topical term or geographic name entry element | RICS COMMON AUCTION CONDITIONS FOR AUCTIONS OF REAL ESTATE IN ENGLAND AND WALES |
| 690 ## - LOCAL SUBJECT ADDED ENTRY--TOPICAL TERM (OCLC, RLIN) | |
| Topical term or geographic name as entry element | Auctioneering |
| 9 (RLIN) | 6218 |
| 942 ## - ADDED ENTRY ELEMENTS (KOHA) | |
| Suppress in OPAC | 0 |
| Withdrawn status | Lost status | Source of classification or shelving scheme | Damaged status | Not for loan | Home library | Current library | Shelving location | Date acquired | Total Checkouts | Full call number | Barcode | Date last seen | Copy number | Price effective from | Koha item type |
|---|---|---|---|---|---|---|---|---|---|---|---|---|---|---|---|
| Dewey Decimal Classification | London | London | Journals | 20/11/2002 | ABS66115 | 120517-1001 | 06/08/2019 | 1 | 06/08/2019 | Journal article |